[Event "Vecindario Montalvo Memorial 16th"]
[Site "Vecindario"]
[Date "2024.03.23"]
[Round "1"]
[White "Fiorito, Francisco"]
[Black "Quevedo Olivares, Carlos Tomas"]
[Result "1-0"]
[WhiteElo "2368"]
[BlackElo "1763"]
[PlyCount "71"]
[EventDate "2024.03.23"]
[EventType "swiss"]
[EventRounds "9"]
[EventCountry "ESP"]
[SourceTitle "CB15_2024"]
[SourceDate "2024.04.10"]
[SourceVersion "1"]
[SourceVersionDate "2024.04.10"]
[SourceQuality "1"]

1. Nf3 g6 2. d4 Bg7 3. Bf4 d5 4. e3 c5 5. c3 Nc6 6. Nbd2 Bf5 7. Qb3 Qb6 8. dxc5 Qxb3 9. axb3 e5 10. Bg3 a6 11. b4 e4 12. Nd4 Nxd4 13. cxd4 Ne7 14. b5 a5 15. Be2 0-0 16. 0-0 Bd7 17. Ra3 g5 18. Rfa1 f5 19. Bd6 Rae8 20. Bh5 Bxb5 21. Bxe8 Rxe8 22. Rxa5 Bc6 23. b4 Nc8 24. b5 Bd7 25. Bc7 f4 26. c6 bxc6 27. b6 Nxb6 28. Bxb6 h5 29. Ra8 Bc8 30. Rc1 Bd7 31. Rxe8+ Bxe8 32. Ra1 Kh7 33. Ra8 Bd7 34. Rd8 Be6 35. Rd6 Bg8 36. Rxc6 1-0